[Event "2023 US National Elementary K-6 Championship"]
[Site "Baltimore, Maryland, United States"]
[Date "2023.05.12"]
[Round "2.2"]
[White "Das, Aditeya"]
[Black "Tao, Jeremy"]
[Result "1-0"]
[TimeControl "G/90; d10"]
[WhiteElo "2146"]
[BlackElo "1637"]

1. e4 {[%clk 01:30:00]} {[%emt 00:00:12]} c5 {[%clk 01:30:00]} {[%emt
00:00:07]} 2. Nf3 {[%clk 01:30:00]} {[%emt 00:00:22]} e6 {[%clk 01:30:00]} 3.
d4 {[%clk 01:29:55]} cxd4 {[%clk 01:30:00]} {[%emt 00:00:04]} 4. Nxd4 {[%clk
01:29:55]} {[%emt 00:00:04]} a6 {[%clk 01:29:59]} {[%emt 00:00:19]} 5. Be3
{[%clk 01:29:11]} {[%emt 00:00:47]} Nf6 {[%clk 01:28:25]} {[%emt 00:01:48]} 6.
f3 {[%clk 01:29:02]} {[%emt 00:00:20]} Qc7 {[%clk 01:28:11]} {[%emt 00:01:00]}
7. Qd2 {[%clk 01:28:54]} b6 {[%clk 01:27:26]} {[%emt 00:00:31]} 8. c4 {[%clk
01:28:45]} {[%emt 00:00:40]} Bb7 {[%clk 01:27:22]} {[%emt 00:00:24]} 9. Nc3
{[%clk 01:28:45]} d6 {[%clk 01:27:14]} {[%emt 00:00:09]} 10. Be2 {[%clk
01:28:31]} {[%emt 00:00:16]} Be7 {[%clk 01:26:58]} {[%emt 00:00:23]} 11. O-O
{[%clk 01:28:31]} {[%emt 00:00:11]} O-O {[%clk 01:26:28]} {[%emt 00:00:36]} 12.
Rfc1 {[%clk 01:26:50]} {[%emt 00:01:49]} Nbd7 {[%clk 01:25:18]} {[%emt
00:01:21]} 13. a4 {[%clk 01:26:00]} {[%emt 00:01:00]} Qb8 {[%clk 01:19:39]}
{[%emt 00:05:49]} 14. Rab1 {[%clk 01:22:06]} {[%emt 00:04:11]} Rc8 {[%clk
01:16:02]} {[%emt 00:03:40]} 15. b3 {[%clk 01:17:57]} {[%emt 00:04:28]} Bd8
{[%clk 01:05:00]} {[%emt 00:11:02]} 16. Nc2 {[%clk 01:15:59]} {[%emt 00:02:14]}
Bc7 {[%clk 01:02:43]} {[%emt 00:02:21]} 17. Kh1 {[%clk 01:12:39]} {[%emt
00:03:42]} d5 {[%clk 00:58:23]} {[%emt 00:04:19]} 18. cxd5 {[%clk 01:07:47]}
{[%emt 00:05:01]} exd5 {[%clk 00:57:38]} {[%emt 00:00:55]} 19. Nxd5 {[%clk
01:06:17]} {[%emt 00:01:40]} Nxd5 {[%clk 00:57:20]} {[%emt 00:00:30]} 20. exd5
{[%clk 01:06:14]} {[%emt 00:00:14]} Nf6 {[%clk 00:54:25]} {[%emt 00:03:02]} 21.
Nb4 {[%clk 01:03:06]} {[%emt 00:03:21]} Rd8 {[%clk 00:46:45]} {[%emt 00:07:46]}
22. Bg5 {[%clk 00:53:57]} {[%emt 00:09:27]} a5 {[%clk 00:37:37]} {[%emt
00:09:10]} 23. Qc2 {[%clk 00:39:08]} {[%emt 00:15:00]} Bxh2 {[%clk 00:22:47]}
{[%emt 00:14:59]} 24. Nc6 {[%clk 00:38:41]} {[%emt 00:00:38]} Bxc6 {[%emt
00:00:27]} 25. dxc6 {[%clk 00:38:25]} {[%emt 00:00:13]} Qc7 {[%clk 00:22:12]}
{[%emt 00:00:44]} 26. Rd1 {[%clk 00:37:06]} {[%emt 00:01:25]} Be5 {[%clk
00:19:33]} {[%emt 00:02:48]} 27. Bb5 {[%clk 00:27:03]} {[%emt 00:10:16]} h6
{[%clk 00:17:53]} {[%emt 00:01:51]} 28. Bh4 {[%clk 00:27:01]} {[%emt 00:00:08]}
Rd4 {[%clk 00:15:01]} {[%emt 00:03:02]} 29. Bf2 {[%clk 00:24:51]} {[%emt
00:02:21]} Rdd8 {[%clk 00:13:54]} {[%emt 00:01:16]} 30. Rxd8+ {[%clk 00:22:08]}
{[%emt 00:02:53]} Rxd8 {[%clk 00:13:54]} {[%emt 00:00:33]} 31. Rd1 {[%clk
00:21:58]} Nh5 {[%clk 00:12:00]} {[%emt 00:01:58]} 32. Rxd8+ {[%clk 00:19:52]}
{[%emt 00:02:16]} Qxd8 {[%clk 00:12:00]} {[%emt 00:00:13]} 33. Qd3 {[%clk
00:18:57]} {[%emt 00:00:57]} Qxd3 {[%clk 00:09:48]} {[%emt 00:02:22]} 34. Bxd3
{[%clk 00:18:57]} {[%emt 00:00:11]} Ng3+ {[%clk 00:09:36]} {[%emt 00:00:14]} 35.
Kg1 {[%clk 00:17:50]} {[%emt 00:01:18]} Bc7 {[%clk 00:09:34]} {[%emt 00:00:10]}
36. Bd4 {[%clk 00:17:50]} {[%emt 00:00:17]} Nh5 {[%clk 00:09:19]} {[%emt
00:00:42]} 37. Kf2 {[%clk 00:17:34]} {[%emt 00:00:22]} Nf4 {[%clk 00:09:06]}
{[%emt 00:00:05]} 38. Bc4 {[%clk 00:16:54]} {[%emt 00:00:48]} Kf8 {[%clk
00:08:15]} {[%emt 00:01:01]} 39. g3 {[%clk 00:16:22]} {[%emt 00:01:03]} Ng6
{[%clk 00:08:11]} 40. f4 {[%clk 00:15:25]} {[%emt 00:01:01]} Ne7 {[%clk
00:07:42]} {[%emt 00:00:39]} 41. Bb5 {[%clk 00:15:23]} {[%emt 00:00:29]} f6
{[%clk 00:07:38]} 42. Kf3 {[%clk 00:14:44]} {[%emt 00:00:45]} Nf5 {[%clk
00:07:17]} {[%emt 00:00:33]} 43. Bf2 {[%clk 00:13:38]} {[%emt 00:01:23]} Nd6
{[%clk 00:07:08]} {[%emt 00:00:10]} 44. Ke3 {[%clk 00:13:31]} {[%emt 00:00:17]}
Nxb5 {[%clk 00:06:34]} {[%emt 00:00:46]} 45. axb5 {[%clk 00:13:31]} {[%emt
00:00:03]} g5 {[%clk 00:06:02]} {[%emt 00:00:40]} 46. Ke4 {[%clk 00:13:28]}
{[%emt 00:00:16]} Ke7 {[%clk 00:05:18]} {[%emt 00:00:49]} 47. Kf5 {[%clk
00:13:28]} {[%emt 00:00:11]} gxf4 {[%clk 00:04:56]} {[%emt 00:00:36]} 48. gxf4
{[%clk 00:13:28]} {[%emt 00:00:04]} h5 {[%clk 00:04:56]} {[%emt 00:00:04]} 49.
Bh4 {[%clk 00:13:22]} {[%emt 00:00:14]} Kd6 {[%clk 00:04:51]} {[%emt 00:00:12]}
50. Bxf6 {[%clk 00:13:08]} {[%emt 00:00:23]} Kc5 {[%clk 00:04:51]} {[%emt
00:00:15]} 51. Be5 {[%clk 00:13:08]} {[%emt 00:00:03]} h4 {[%clk 00:03:21]}
{[%emt 00:01:43]} 52. Bxc7 {[%clk 00:12:50]} {[%emt 00:00:21]} h3 {[%clk
00:03:21]} {[%emt 00:00:06]} 53. Be5 {[%clk 00:12:50]} h2 {[%clk 00:03:21]}
{[%emt 00:00:08]} 54. c7 {[%clk 00:12:50]} {[%emt 00:00:05]} h1=Q {[%clk
00:02:57]} {[%emt 00:00:44]} 55. c8=Q+ {[%clk 00:12:50]} Kb4 {[%clk 00:02:57]}
{[%emt 00:00:08]} 56. Qc4+ {[%clk 00:12:50]} {[%emt 00:00:05]} Ka3 {[%clk
00:02:57]} {[%emt 00:00:04]} 57. Qa4# {[%emt 00:00:05]} 1-0

[Event "2023 US National Elementary K-6 Championship"]
[Site "Baltimore, Maryland, United States"]
[Date "2023.05.12"]
[Round "2.8"]
[White "Nemiroff, Samuel"]
[Black "Liu, Aiden"]
[Result "0-1"]
[TimeControl "G/90; d10"]
[WhiteElo "1622"]
[BlackElo "2192"]

1. d4 {[%clk 01:30:00]} {[%emt 00:00:02]} d5 {[%clk 01:30:00]} {[%emt
00:00:06]} 2. c4 {[%clk 01:30:00]} {[%emt 00:00:07]} c6 {[%clk 01:30:00]}
{[%emt 00:00:01]} 3. cxd5 {[%clk 01:30:00]} {[%emt 00:00:02]} cxd5 {[%clk
01:30:00]} {[%emt 00:00:01]} 4. Nc3 {[%clk 01:30:00]} Nc6 {[%clk 01:30:00]}
{[%emt 00:00:06]} 5. Nf3 {[%clk 01:30:00]} {[%emt 00:00:05]} Nf6 {[%clk
01:30:00]} {[%emt 00:00:04]} 6. Bf4 {[%clk 01:30:00]} {[%emt 00:00:01]} Bf5
{[%clk 01:30:00]} {[%emt 00:00:06]} 7. e3 {[%clk 01:30:00]} {[%emt 00:00:06]}
e6 {[%clk 01:30:00]} {[%emt 00:00:03]} 8. Bd3 {[%clk 01:30:00]} {[%emt
00:00:09]} Bxd3 {[%clk 01:30:00]} {[%emt 00:00:06]} 9. Qxd3 {[%clk 01:30:00]}
{[%emt 00:00:01]} Be7 {[%clk 01:30:00]} {[%emt 00:00:09]} 10. O-O {[%clk
01:30:00]} {[%emt 00:00:07]} O-O {[%clk 01:30:00]} {[%emt 00:00:05]} 11. Rac1
{[%clk 01:30:00]} {[%emt 00:00:06]} Rc8 {[%clk 01:29:26]} {[%emt 00:00:44]} 12.
a3 {[%clk 01:30:00]} {[%emt 00:00:06]} Nh5 {[%clk 01:20:14]} {[%emt 00:09:22]}
13. Bg3 {[%clk 01:29:09]} {[%emt 00:01:02]} Nxg3 {[%clk 01:20:14]} {[%emt
00:00:10]} 14. hxg3 {[%clk 01:29:09]} {[%emt 00:00:02]} Na5 {[%clk 01:14:19]}
{[%emt 00:06:06]} 15. b4 {[%clk 01:28:08]} {[%emt 00:01:10]} Nc4 {[%clk
01:13:47]} {[%emt 00:00:41]} 16. Na4 {[%clk 01:28:08]} {[%emt 00:00:06]} a5
{[%clk 01:04:03]} {[%emt 00:09:55]} 17. Rb1 {[%clk 01:26:15]} {[%emt 00:02:02]}
Qe8 {[%clk 01:00:38]} {[%emt 00:03:35]} 18. Qb3 {[%clk 01:25:06]} {[%emt
00:01:14]} Ra8 {[%clk 00:53:51]} {[%emt 00:07:02]} 19. Nb2 {[%clk 01:24:13]}
{[%emt 00:01:03]} axb4 {[%clk 00:43:32]} {[%emt 00:10:30]} 20. axb4 {[%clk
01:24:07]} {[%emt 00:00:13]} Ra3 {[%clk 00:43:09]} {[%emt 00:00:35]} 21. Qc2
{[%clk 01:23:26]} {[%emt 00:00:50]} Ra2 {[%clk 00:42:42]} {[%emt 00:00:38]} 22.
Qb3 {[%clk 01:22:52]} {[%emt 00:00:38]} Rxb2 {[%clk 00:40:40]} {[%emt
00:02:18]} 23. Rxb2 {[%clk 01:22:51]} {[%emt 00:00:11]} Nxb2 {[%clk 00:40:40]}
{[%emt 00:00:02]} 24. Qxb2 {[%clk 01:22:51]} Qb5 {[%clk 00:40:32]} {[%emt
00:00:18]} 25. Rb1 {[%clk 01:21:49]} {[%emt 00:01:12]} Rc8 {[%clk 00:37:40]}
{[%emt 00:03:02]} 26. Qa3 {[%clk 01:20:14]} {[%emt 00:01:43]} b6 {[%clk
00:34:58]} {[%emt 00:02:54]} 27. Rb3 {[%clk 01:16:45]} {[%emt 00:03:36]} f6
{[%clk 00:32:05]} {[%emt 00:03:07]} 28. Qa7 {[%clk 01:14:44]} {[%emt 00:02:07]}
Rc1+ {[%clk 00:23:40]} {[%emt 00:08:39]} 29. Kh2 {[%clk 01:13:41]} {[%emt
00:01:13]} Qf1 {[%clk 00:17:07]} {[%emt 00:06:42]} 30. Qb8+ {[%clk 01:13:37]}
{[%emt 00:00:13]} Kf7 {[%clk 00:16:42]} {[%emt 00:00:37]} 31. g4 {[%clk
01:12:52]} {[%emt 00:00:55]} Qxf2 {[%clk 00:16:03]} {[%emt 00:00:49]} 32. Qg3
{[%clk 01:10:48]} {[%emt 00:02:07]} Qxg3+ {[%clk 00:14:20]} {[%emt 00:02:00]}
33. Kxg3 {[%clk 01:10:48]} {[%emt 00:00:04]} b5 {[%clk 00:14:16]} {[%emt
00:00:14]} 34. Kf2 {[%clk 01:08:36]} {[%emt 00:02:22]} Rc4 {[%clk 00:14:16]}
{[%emt 00:00:08]} 35. Ke2 {[%clk 01:08:36]} {[%emt 00:00:02]} Rxb4 {[%clk
00:14:13]} {[%emt 00:00:13]} 36. Rxb4 {[%clk 01:08:36]} {[%emt 00:00:09]} Bxb4
{[%clk 00:14:13]} {[%emt 00:00:01]} 37. Kd3 {[%clk 01:08:36]} Kg6 {[%clk
00:13:47]} {[%emt 00:00:35]} 38. Kc2 {[%clk 01:08:36]} {[%emt 00:00:06]} h5
{[%clk 00:13:38]} {[%emt 00:00:19]} 39. Kb3 {[%clk 01:08:06]} {[%emt 00:00:39]}
Ba5 {[%clk 00:13:38]} {[%emt 00:00:05]} 40. g5 {[%clk 01:07:35]} {[%emt
00:00:41]} Kf5 {[%clk 00:13:31]} {[%emt 00:00:16]} 41. gxf6 {[%clk 01:07:22]}
{[%emt 00:00:23]} gxf6 {[%clk 00:13:31]} {[%emt 00:00:08]} 42. Nh2 {[%clk
01:07:18]} {[%emt 00:00:14]} Ke4 {[%clk 00:13:02]} {[%emt 00:00:39]} 43. g4
{[%clk 01:07:18]} {[%emt 00:00:08]} h4 {[%clk 00:13:02]} {[%emt 00:00:11]} 44.
g5 {[%clk 01:07:18]} {[%emt 00:00:10]} fxg5 {[%clk 00:13:02]} {[%emt 00:00:05]}
45. Ng4 {[%clk 01:07:18]} Kf3 {[%clk 00:12:48]} {[%emt 00:00:22]} 46. Ne5
{[%clk 01:07:18]} {[%emt 00:00:07]} Kxe3 {[%clk 00:12:48]} {[%emt 00:00:07]} 47.
Kc2 {[%clk 01:07:18]} h3 {[%clk 00:12:45]} {[%emt 00:00:13]} 48. Kd1 {[%clk
01:07:18]} {[%emt 00:00:02]} Kxd4 {[%emt 00:00:23]} 49. Nf3+ {[%clk 01:07:18]}
{[%emt 00:00:03]} Ke3 {[%clk 00:12:35]} {[%emt 00:00:09]} 50. Nh2 {[%clk
01:07:18]} {[%emt 00:00:02]} Bc7 {[%clk 00:12:31]} {[%emt 00:00:14]} 51. Nf1+
{[%clk 01:07:18]} {[%emt 00:00:02]} Kf2 {[%clk 00:12:31]} {[%emt 00:00:08]} 52.
Ne3 {[%clk 01:07:18]} {[%emt 00:00:02]} Kxe3 {[%clk 00:12:31]} {[%emt
00:00:10]} 53. Kc2 {[%clk 01:07:18]} {[%emt 00:00:02]} h2 {[%clk 00:12:31]}
{[%emt 00:00:06]} 54. Kb3 {[%clk 01:07:18]} {[%emt 00:00:01]} h1=Q {[%clk
00:12:31]} {[%emt 00:00:08]} 55. Kc3 {[%clk 01:07:18]} {[%emt 00:00:01]} Qc1+
{[%clk 00:12:20]} {[%emt 00:00:16]} 56. Kb4 {[%clk 01:07:18]} {[%emt 00:00:06]}
Qc4+ {[%clk 00:12:20]} {[%emt 00:00:07]} 57. Ka3 {[%clk 01:07:18]} {[%emt
00:00:01]} Qc3+ {[%clk 00:12:10]} {[%emt 00:00:20]} 58. Ka2 {[%clk 01:07:18]}
{[%emt 00:00:01]} Be5 {[%clk 00:12:10]} {[%emt 00:00:10]} 59. Kb1 {[%clk
01:07:18]} {[%emt 00:00:01]} Qb2# {[%clk 00:11:58]} {[%emt 00:00:22]} 0-1

[Event "2023 US National Elementary K-6 Championship"]
[Site "Baltimore, Maryland, United States"]
[Date "2023.05.12"]
[Round "2.19"]
[White "Gao, Pinhang"]
[Black "Shangin, Lev"]
[Result "0-1"]
[TimeControl "G/90; d10"]
[WhiteElo "1331"]
[BlackElo "1891"]

1. d4 {[%clk 01:29:48]} {[%emt 00:00:03]} Nf6 {[%clk 01:29:45]} {[%emt
00:00:22]} 2. c4 {[%clk 01:29:48]} {[%emt 00:00:20]} e6 {[%clk 01:29:43]}
{[%emt 00:00:03]} 3. g3 {[%clk 01:29:30]} {[%emt 00:00:23]} d5 {[%clk
01:29:21]} {[%emt 00:00:43]} 4. Bg2 {[%clk 01:29:26]} Bb4+ {[%clk 01:29:21]}
{[%emt 00:00:15]} 5. Bd2 {[%clk 01:29:25]} {[%emt 00:00:18]} a5 {[%clk
01:29:12]} {[%emt 00:00:12]} 6. a3 {[%clk 01:28:52]} {[%emt 00:00:42]} Be7
{[%clk 01:28:47]} {[%emt 00:00:34]} 7. Nf3 {[%clk 01:28:51]} {[%emt 00:00:31]}
dxc4 {[%clk 01:28:07]} {[%emt 00:00:38]} 8. O-O {[%clk 01:28:03]} {[%emt
00:00:54]} O-O {[%clk 01:26:55]} {[%emt 00:01:17]} 9. Nc3 {[%clk 01:27:31]}
{[%emt 00:00:57]} c6 {[%emt 00:03:38]} 10. e4 {[%clk 01:24:27]} b5 {[%clk
01:23:14]} {[%emt 00:03:25]} 11. Qc2 {[%clk 01:21:52]} {[%emt 00:02:44]} Ba6
{[%clk 01:22:14]} {[%emt 00:01:09]} 12. Ne2 {[%clk 01:18:40]} {[%emt 00:03:36]}
c5 {[%clk 01:20:14]} {[%emt 00:02:01]} 13. Ng5 {[%clk 01:12:59]} {[%emt
00:05:45]} cxd4 {[%clk 01:16:10]} {[%emt 00:04:13]} 14. e5 {[%clk 01:05:52]}
{[%emt 00:07:24]} d3 {[%clk 01:16:07]} {[%emt 00:00:10]} 15. exf6 {[%clk
01:05:34]} {[%emt 00:00:28]} dxc2 {[%clk 01:14:05]} {[%emt 00:02:08]} 16. fxe7
{[%clk 01:05:31]} {[%emt 00:00:22]} Qxe7 {[%clk 01:13:59]} {[%emt 00:00:15]} 17.
Bxa8 {[%clk 01:05:30]} {[%emt 00:00:06]} h6 {[%emt 00:01:16]} 18. Ne4 {[%clk
01:03:56]} {[%emt 00:01:53]} Nd7 {[%clk 01:12:35]} {[%emt 00:00:15]} 19. Bc6
{[%clk 01:03:13]} {[%emt 00:00:53]} Ne5 {[%clk 01:12:20]} {[%emt 00:00:27]} 20.
Bxb5 {[%clk 01:00:55]} {[%emt 00:02:26]} Bxb5 {[%clk 01:12:17]} {[%emt
00:00:15]} 21. Bxa5 {[%clk 01:00:51]} {[%emt 00:00:36]} Bc6 {[%clk 01:11:34]}
{[%emt 00:00:29]} 22. Bb4 {[%clk 01:00:42]} {[%emt 00:00:20]} Qb7 {[%clk
01:10:40]} {[%emt 00:01:04]} 23. Bxf8 {[%clk 01:00:40]} {[%emt 00:00:22]} Bxe4
{[%clk 01:10:24]} {[%emt 00:00:15]} 24. Bb4 {[%clk 00:59:39]} {[%emt 00:01:15]}
Nf3+ {[%clk 01:09:51]} {[%emt 00:00:40]} 25. Kh1 {[%clk 00:58:44]} {[%emt
00:01:05]} Ng5+ {[%clk 01:09:23]} {[%emt 00:00:39]} 26. f3 {[%clk 00:57:09]}
{[%emt 00:01:56]} Bxf3+ {[%clk 01:09:19]} {[%emt 00:00:05]} 27. Kg1 {[%clk
00:57:03]} {[%emt 00:00:20]} Nh3# {[%clk 01:09:19]} 0-1